000
00289nam a2200109 4500
999
_c
9940
_d
9940
008
180723b ||||| |||| 00| 0 eng d
245
_a
Compostela Valley tourism growing.
260
_a
Davao City
_b
Sun Star Davao
_c
c2016
300
_a
page 10.
650
0
_9
29349
_a
Tourism.
942
_2
ddc
_c
PER